[Event "Heusenstamm Sparkassen op-B 5th"]
[Site "Heusenstamm"]
[Date "2018.11.25"]
[Round "6"]
[White "Martin, Lukas"]
[Black "Wu, Sifan"]
[Result "1/2-1/2"]
[WhiteElo "1439"]
[BlackElo "1669"]
[PlyCount "77"]
[EventDate "2018.11.22"]
[EventType "swiss"]
[EventRounds "7"]
[EventCountry "GER"]
[SourceTitle "CBM 187 Extra"]
[Source "ChessBase"]
[SourceDate "2018.11.04"]
[SourceVersion "1"]
[SourceVersionDate "2018.11.04"]
[SourceQuality "1"]

1. d4 d5 2. c4 c6 3. Nf3 Nf6 4. Nc3 e6 5. Bg5 Nbd7 6. e3 Bd6 7. Be2 0-0 8. 0-0 Re8 9. cxd5 exd5 10. a3 h6 11. Bh4 Nf8 12. Qc2 Ng6 13. Bg3 Bf8 14. b4 Nh5 15. Be5 Nxe5 16. Nxe5 Nf6 17. Na4 Bd6 18. Nf3 Qc7 19. Rfc1 a6 20. Nc5 Bg4 21. h3 Bh5 22. Ne1 Bg6 23. Bd3 Ne4 24. Nf3 Bxc5 25. dxc5 Qe7 26. Nd2 Nxd2 27. Qxd2 Bxd3 28. Qxd3 Qe4 29. Qxe4 Rxe4 30. Ra2 Rae8 31. Rd2 g6 32. Kf1 Kg7 33. Rd4 f5 34. g3 Kf6 35. Rcd1 Rxd4 36. Rxd4 Re4 37. Ke2 Ke5 38. Kd3 Rxd4+ 39. exd4+ 1/2-1/2

[Event "Heusenstamm Sparkassen op-B 5th"]
[Site "Heusenstamm"]
[Date "2018.11.23"]
[Round "2"]
[White "Schmid, Leon"]
[Black "Wu, Sifan"]
[Result "1/2-1/2"]
[WhiteElo "1260"]
[BlackElo "1669"]
[PlyCount "177"]
[EventDate "2018.11.22"]
[EventType "swiss"]
[EventRounds "7"]
[EventCountry "GER"]
[SourceTitle "CBM 187 Extra"]
[Source "ChessBase"]
[SourceDate "2018.11.04"]
[SourceVersion "1"]
[SourceVersionDate "2018.11.04"]
[SourceQuality "1"]

1. e4 e5 2. Nf3 Nc6 3. Nc3 Nf6 4. Bc4 Be7 5. 0-0 0-0 6. d3 d6 7. h3 Be6 8. Bxe6 fxe6 9. Ng5 Qd7 10. Nb5 Rac8 11. Be3 a6 12. Nc3 d5 13. exd5 exd5 14. d4 Ne8 15. dxe5 d4 16. Ne2 Rd8 17. Qd3 Qf5 18. Qxf5 Rxf5 19. Ne6 dxe3 20. Nxd8 Nxd8 21. fxe3 Rxe5 22. Rf3 Nf6 23. Rd1 Nc6 24. a3 Bc5 25. Rd3 Nd5 26. Kf2 Nf6 27. Nc3 Ne4+ 28. Nxe4 Rxe4 29. Rd7 Re7 30. Rxe7 Bxe7 31. e4 Bf6 32. c3 Ne5 33. Re3 Kf7 34. Re2 Ke6 35. Rd2 Nc4 36. Re2 Kd6 37. b3 Nxa3 38. c4 Nb1 39. Kf3 c6 40. Kf4 Ke6 41. e5 Be7 42. g4 h6 43. Rh2 Na3 44. Ra2 b5 45. cxb5 axb5 46. h4 b4 47. g5 h5 48. Ra1 g6 49. Ke4 c5 50. Rc1 Nb5 51. Ra1 Na3 52. Rc1 Nb5 53. Ra1 Nd4 54. Ra6+ Kf7 55. Kd5 Nxb3 56. e6+ Ke8 57. Ra8+ Bd8 58. Kd6 Nd4 59. Kxc5 Nxe6+ 60. Kxb4 Kf7 61. Ra7+ Be7+ 62. Kc4 Ng7 63. Kd3 Nf5 64. Ra4 Ke6 65. Ra6+ Kf7 66. Ra4 Nxh4 67. Rxh4 Bxg5 68. Rh1 Kf6 69. Ke4 Kg7 70. Kf3 Kh6 71. Kg3 Bf6 72. Kf4 Be7 73. Rg1 g5+ 74. Rxg5 Bxg5+ 75. Kg3 Kg6 76. Kg2 Kf5 77. Kh1 Kf4 78. Kg2 Ke3 79. Kg3 Ke2 80. Kg2 Ke1 81. Kg1 Be3+ 82. Kg2 Bf2 83. Kh1 Ke2 84. Kg2 Ke3 85. Kh1 Kf3 86. Kh2 h4 87. Kh1 Kg4 88. Kg2 Bd4 89. Kh1 1/2-1/2

[Event "Rhein Main op-B 21st"]
[Site "Bad Homburg"]
[Date "2018.06.02"]
[Round "5"]
[White "Hofmann, Werner2222"]
[Black "Wu, Sifan"]
[Result "1-0"]
[WhiteElo "1673"]
[BlackElo "1388"]
[PlyCount "37"]
[EventDate "2018.05.30"]
[EventType "swiss"]
[EventRounds "7"]
[EventCountry "GER"]
[SourceTitle "EXT 2019"]
[Source "ChessBase"]
[SourceDate "2018.10.10"]
[SourceVersion "1"]
[SourceVersionDate "2018.10.10"]
[SourceQuality "1"]

1. d4 d5 2. e3 Nc6 3. f4 Nf6 4. Bd3 e6 5. c3 Ne7 6. Nf3 Ng6 7. 0-0 Bd7 8. Qe2 c5 9. Ne5 a6 10. a4 Be7 11. Nd2 0-0 12. Qf3 Nxe5 13. fxe5 Ne8 14. Qh5 h6 15. Rf3 c4 16. Bc2 Nc7 17. Rg3 Re8 18. Qxh6 g6 19. Bxg6 1-0

[Event "Bad Soden U14 op"]
[Site "Bad Soden"]
[Date "2017.10.03"]
[Round "9"]
[White "Wu, Sifan"]
[Black "Porstendoerfer, Yannik"]
[Result "0-1"]
[WhiteElo "1264"]
[BlackElo "1231"]
[PlyCount "112"]
[EventDate "2017.09.30"]
[EventType "swiss"]
[EventRounds "9"]
[EventCountry "GER"]
[SourceTitle "EXT 2019"]
[Source "ChessBase"]
[SourceDate "2018.10.10"]
[SourceVersion "1"]
[SourceVersionDate "2018.10.10"]
[SourceQuality "1"]

1. e4 c5 2. Nf3 Nc6 3. d4 cxd4 4. Nxd4 Nf6 5. Nc3 g6 6. f3 Bg7 7. Be3 d6 8. Qd2 Bd7 9. 0-0-0 a6 10. g4 Ne5 11. Be2 b5 12. h4 Nc4 13. Bxc4 bxc4 14. h5 Rb8 15. h6 Bf8 16. Bg5 Qb6 17. b3 cxb3 18. cxb3 Rc8 19. Kb2 a5 20. Bxf6 exf6 21. Nd5 Qa6 22. Nxf6+ Ke7 23. Nd5+ Ke8 24. Rc1 a4 25. Rxc8+ Qxc8 26. Nb6 a3+ 27. Kb1 Qa6 28. Nxd7 Kxd7 29. g5 Be7 30. f4 Rc8 31. Nc2 f6 32. e5 fxg5 33. fxg5 Rf8 34. Rd1 Rf1 35. e6+ Ke8 36. Rc1 Rxc1+ 37. Qxc1 Qa5 38. Nxa3 Bxg5 39. Nc4 Qf5+ 40. Qc2 Qxe6 41. a4 Bxh6 42. Qd3 Qe1+ 43. Ka2 Qf2+ 44. Ka3 Bc1+ 45. Kb4 Qc5+ 46. Kc3 Bf4 47. b4 Be5+ 48. Kb3 Qd4 49. Nxe5 Qxe5 50. a5 Qe6+ 51. Qc4 Qxc4+ 52. Kxc4 Kd7 53. b5 Kc7 54. Kd5 h5 55. a6 Kb6 56. Kxd6 h4 0-1